Statistics for Top 50 most corrupt countries

Click here to take the quiz!

General Stats

  • This quiz has been taken 607 times
  • The average score is 31 of 50

Answer Stats

RankScoreCountry% Correct
4628Russia
85%
716Iraq
83%
14North Korea
83%
3627Iran
82%
24Somalia
81%
1318Syria
80%
5029Pakistan
79%
311Sudan
79%
3025Nigeria
77%
615Libya
75%
412South Sudan
75%
1117Yemen
74%
2122(DR) Congo
73%
2022Chad
72%
1921(R) Congo
72%
816Venezuela
71%
1218Turkmenistan
70%
1518Uzbekistan
70%
2323Uganda
68%
2525Laos
67%
2222CAR
66%
3226Ukraine
66%
2925Tajikistan
65%
1821Burma
64%
1418Eritrea
64%
2625Kenya
64%
515Angola
63%
1721Cambodia
63%
1619Zimbabwe
63%
1017Haiti
61%
4228Kazakhstan
60%
2825Bangladesh
59%
4028Lebanon
59%
4929Tanzania
59%
2725Guinea
58%
917Guinea-Bissau
58%
3527Nepal
54%
4128Kyrgyzstan
52%
4829Azerbaijan
51%
3427Nicaragua
51%
4528Sierra Leone
51%
3927Madagascar
49%
4328Guatemala
48%
4428Gambia
46%
3827Peru
44%
3126Comoros
41%
4729Guyana
39%
3326Paraguay
36%
3727East Timor
34%
2424Papua
31%

Score Distribution

Percentile by Number Answered

Percent of People with Each Score

Your Score History

You have not taken this quiz